Палеотемпературное моделирование фанерозойских очагов генерации углеводородов и оценка их роли в формировании залежей в доюрских отложениях на территории Томской области: автореферат диссертации на соискание ученой степени кандидата геолого-минералогических наук; спец. 1.6.9
| Príomhchruthaitheoir: | |
|---|---|
| Údar corparáideach: | |
| Rannpháirtithe: | , |
| Achoimre: | Заглавие с титульного экрана Электронная версия печатной публикации Защита сост. 19.09.2024 На правах рукописи Текстовый файл |
| Teanga: | Rúisis |
| Foilsithe / Cruthaithe: |
Томск, 2024
|
| Ábhair: | |
| Rochtain ar líne: | https://earchive.tpu.ru/handle/11683/80480 |
| Formáid: | Leictreonach LEABHAR |
| KOHA link: | https://koha.lib.tpu.ru/cgi-bin/koha/opac-detail.pl?biblionumber=674183 |
MARC
| LEADER | 00000nam0a2200000 4500 | ||
|---|---|---|---|
| 001 | 674183 | ||
| 005 | 20260126143238.0 | ||
| 090 | |a 674183 | ||
| 100 | |a 20240821d2024 k||y0rusy50 ca | ||
| 101 | 0 | |a rus | |
| 102 | |a RU | ||
| 105 | |a a dm 001yy | ||
| 135 | |a drcn ---uucaa | ||
| 181 | 0 | |a i |b e | |
| 182 | 0 | |a b | |
| 183 | 0 | |a cr |2 RDAcarrier | |
| 200 | 1 | |a Палеотемпературное моделирование фанерозойских очагов генерации углеводородов и оценка их роли в формировании залежей в доюрских отложениях на территории Томской области |e автореферат диссертации на соискание ученой степени кандидата геолого-минералогических наук |e спец. 1.6.9 |f Крутенко Маргарита Фаритовна |g науч. рук. В. И. Исаев, Г. Лобова ; Национальный исследовательский Томский политехнический университет | |
| 203 | |a Текст |c электронный |b визуальный | ||
| 210 | 1 | |a Томск |d 2024 | |
| 215 | |a 1 файл (1 002 КБ, 23 с.) |c pdf | ||
| 283 | |2 RDAcarrier |a online_resource | ||
| 300 | |a Заглавие с титульного экрана | ||
| 300 | |a Электронная версия печатной публикации | ||
| 300 | |a Защита сост. 19.09.2024 | ||
| 320 | |a Список основных работ по теме диссертации: с. 22-23 (10 назв.) | ||
| 333 | |a На правах рукописи | ||
| 336 | |a Текстовый файл | ||
| 606 | 1 | |a Геотермическая разведка |9 34169 | |
| 606 | 1 | |a Нефтегазоносность |x Геофизические методы разведки |9 64785 | |
| 610 | 1 | |a электронный ресурс | |
| 610 | 1 | |a авторефераты диссертаций | |
| 610 | 1 | |a труды учёных ТПУ | |
| 610 | 1 | |a доюрские нефтегазоносносные комплексы | |
| 610 | 1 | |a доюрские комплексы | |
| 610 | 1 | |a доюрские отложения | |
| 610 | 1 | |a доюрские залежи | |
| 610 | 1 | |a геотермический режим | |
| 610 | 1 | |a глубинные потоки | |
| 610 | 1 | |a тепловые потоки | |
| 610 | 1 | |a углеводороды | |
| 610 | 1 | |a очаги генерации углеводородов | |
| 610 | 1 | |a нефть | |
| 610 | 1 | |a газ | |
| 610 | 1 | |a палеозойские залежи | |
| 610 | 1 | |a Западная Сибирь | |
| 610 | 1 | |a фанерозойские нефтегазоматеринские свиты | |
| 610 | 1 | |a нефтегазоматеринские отложения | |
| 610 | 1 | |a палеотемпературные модели | |
| 610 | 1 | |a Нюрольский осадочный бассейн | |
| 610 | 1 | |a Нюрольский палеозойский осадочный бассейн | |
| 610 | 1 | |a палеотемпературное моделирование | |
| 675 | |a 550.836(04) |v 4 | ||
| 675 | |a 553.98:550.83(04) |v 4 | ||
| 686 | |2 oksvnk |a 25.00.10 | ||
| 700 | 1 | |a Крутенко |b М. Ф. |c горный инженер |c Старший преподаватель Томского политехнического университета, кандидат геолого-минералогических наук |f 1998- |g Маргарита Фаритовна |y Томск |9 22902 | |
| 702 | 1 | |a Исаев |b В. И. |c геолог |c профессор Томского политехнического университета, доктор геолого-минералогических наук |f 1952-2023 |g Валерий Иванович |9 11005 |4 727 | |
| 702 | 1 | |a Лобова |b Г. А. |c геофизик |c доцент Томского политехнического университета, кандидат геолого-минералогических наук |f 1952- |g Галина Анатольевна |9 13541 |4 727 | |
| 712 | 0 | 2 | |a Национальный исследовательский Томский политехнический университет |c (2009- ) |9 26305 |4 070 |
| 801 | 0 | |a RU |b 63413507 |c 20240821 |g RCR | |
| 850 | |a 63413507 | ||
| 856 | 4 | |u https://earchive.tpu.ru/handle/11683/80480 |z https://earchive.tpu.ru/handle/11683/80480 | |
| 942 | |c CF | ||